Monte-Carlo simulations of high entropy alloys

Enregistré dans:
Détails bibliographiques
Auteur principal: Bujdák, Radovan (Auteur)
Autres auteurs: Antušek, Andrej (Directeur de thèse)
Format: Manuscrit Livre
Langue:slovaque
anglais
Publié: 2021
Sujets:
Accès en ligne:http://is.stuba.sk/zp/portal_zp.pl?podrobnosti=157936
Tags: Ajouter un tag
Pas de tags, Soyez le premier à ajouter un tag!

MARC

LEADER 00000ntm a22000003a 4500
001 stuzp84940
003 SK-STU
005 20210612213607.5
007 ta
008 150427s2015----xo-----f-mn---000-0-slo-d
040 |a STU  |b slo 
041 0 |a eng 
100 1 |a Bujdák, Radovan  |u 061000  |k Z4  |4 aut  |U MTF Materiálovotechnologická fakulta  |T MTF Ústav materiálov  |X 75997  |U M1000  |Y 81  |7 75997 
242 0 1 |a Monte-Carlo simulácie vysokoentropických zliatin  |y slo 
245 1 0 |a Monte-Carlo simulations of high entropy alloys 
260 |c 2021 
650 4 |a Vysokoentropické zliatiny  |2 slo 
650 4 |a Bragg-Williams model a model rozvoja klastrov  |2 slo 
650 4 |a fázová separácia  |2 slo 
650 4 |a Monte-Carlo simulácie  |2 slo 
650 4 |a High-entropy alloy  |2 eng 
650 4 |a Bragg-Williams and cluster expansion model  |2 eng 
650 4 |a Monte-Carlo simulations,  |2 eng 
650 4 |a phase separation  |2 eng 
700 1 |a Antušek, Andrej  |u 067000  |k Z2  |4 ths  |U MTF Materiálovotechnologická fakulta  |T MTF Ústav výskumu progresívnych technológií  |X 4919  |U MN7000  |Y 87  |7 A000004919 
856 4 |u http://is.stuba.sk/zp/portal_zp.pl?podrobnosti=157936 
996 |c M* DP-14506  |l MMSKP  |s P  |a 0  |w stuzp84940_0001